000 01000cad a22002175a 4500
001 E152438
008 110307s2011 xxk f 000 0 eng d
020 _a9781780450742
035 _a(Sirsi) u152438
041 0 _aeng
110 2 _aScotland
_bScottish Government
_95344
245 0 4 _aMaintenance of land on private housing estates
_bconsultation
_h[electronic resource]
260 _aEdinburgh
_bScottish Government
_c2011
520 _aSeeks views on proposed changes to the Title Conditions (Scotland) Act 2003 with regards to the changing of bodies carrying out the maintenance of open space on private housing estates. Deadline for comments is 6 June 2011.
590 _aKA
650 2 4 _aTITLE CONDITIONS (SCOTLAND) ACT 2003
651 4 _aScotland
_y1999-
690 _aPROPERTY-RESIDENTIAL PROPERTY-DOMESTIC RESIDENTIAL PROPERTY-HOUSING
856 4 0 _uhttps://www.scotland.gov.uk/Publications/2011/03/04104005/0
_zView the consultation free of charge at www.scotland.gov.uk
942 _n0
999 _c112060
_d112060